Statistics for Countries with Currencies Pegged to the Euro

Click here to take the quiz!

General Stats

  • This quiz has been taken 111 times
  • The average score is 14 of 22

Answer Stats

CountryCurrency% Correct
Malifranc
82%
Nigerfranc
80%
Beninfranc
77%
Republic of the Congofranc
77%
Chadfranc
76%
Togofranc
73%
Central African Republicfranc
72%
Senegalfranc
72%
Gabonfranc
71%
Cameroonfranc
70%
Burkina Fasofranc
68%
Ivory Coastfranc
63%
Guinea-Bissaufranc
62%
Equatorial Guineafranc
58%
Denmarkkrone
57%
Moroccodirham
57%
Cape Verdeescudo
50%
Bosnia and Herzegovinaconvertible mark
49%
Bulgarialev
49%
Comorosfranc
47%
Sao Tome and Principedobra
46%
North Macedoniadenar
38%

Score Distribution

Percentile by Number Answered

Percent of People with Each Score

Your Score History

You have not taken this quiz